[Event "Kecskemet2"]
[Site "Kecskemet"]
[Date "1993.??.??"]
[Round "2"]
[White "Brunner, Lucas"]
[Black "Haba, Petr"]
[Result "1-0"]
[WhiteElo "2475"]
[BlackElo "2485"]

1.c4 e6 2.Nf3 d5 3.d4 Nf6 4.Nc3 Be7 5.Bg5 O-O 6.e3 h6 7.Bh4 b6 8.Rc1 Bb7
9.cxd5 Nxd5 10.Bxe7 Qxe7 11.Be2 Rd8 12.Qa4 c5 13.dxc5 Qxc5 14.O-O Qb4 15.Qxb4 Nxb4
16.a3 Nd5 17.Nxd5 Bxd5 18.Rfd1 Nd7 19.Rc7 Nc5 20.b4 Ne4 21.Ne5 Rac8 22.Rdc1 Rxc7
23.Rxc7 a5 24.b5 a4  1-0

[Event "Kecskemet2"]
[Site "Kecskemet"]
[Date "1993.??.??"]
[Round "6"]
[White "Brunner, Lucas"]
[Black "Gyimesi, Zoltan"]
[Result "1/2-1/2"]
[WhiteElo "2475"]
[BlackElo "2390"]

1.c4 e6 2.Nf3 d5 3.d4 Nf6 4.Nc3 dxc4 5.e3 a6 6.a4 c5 7.Bxc4 Nc6 8.O-O Qc7
9.Qe2 Bd6 10.dxc5 Bxc5 11.e4 Ng4 12.g3 O-O 13.Bf4 Nge5 14.Nxe5 Nxe5 15.Ba2 Bb4
16.Qh5 Bxc3 17.Rac1 Qb6 18.Rxc3 Ng6 19.Bc1 Bd7 20.a5  1/2-1/2

[Event "Kecskemet"]
[Site "Kecskemet"]
[Date "1993.??.??"]
[Round "8"]
[White "Stajcic, Nikola"]
[Black "Krizsany, Laszlo"]
[Result "1/2-1/2"]
[WhiteElo "2270"]
[BlackElo "2370"]

1.c4 e6 2.Nf3 d5 3.g3 Nf6 4.Bg2 Be7 5.O-O O-O 6.d4 c6 7.Nbd2 Nbd7 8.Qc2 b6
9.e4 dxe4 10.Nxe4 Bb7 11.Rd1 Qc8 12.Nxf6+ Nxf6 13.Qe2 Re8 14.b3 c5 15.Bb2 cxd4
16.Bxd4 Rd8 17.Ne5 Nd7 18.Nd3 Bxg2 19.Kxg2 Nc5 20.Ne5 f6 21.Nf3 e5 22.Be3 Qc6
23.Kg1 Ne6 24.Rxd8+ Rxd8 25.Rd1 Rxd1+ 26.Qxd1 Kf7 27.Nd2 g6 28.Qf3  1/2-1/2

[Event "Kurgan"]
[Site "Kurgan"]
[Date "1993.??.??"]
[Round "?"]
[White "Savon, Vladimir A"]
[Black "Bykhovsky, Avigdor"]
[Result "1/2-1/2"]
[WhiteElo "2450"]
[BlackElo "2470"]

1.c4 e6 2.Nf3 d5 3.d4 c6 4.Qc2 Nf6 5.e3 Nbd7 6.Nc3 Bd6 7.Be2 O-O 8.O-O Re8
9.Rd1 Qe7 10.a3 b6 11.e4 Nxe4 12.Nxe4 dxe4 13.Qxe4 Bb7 14.Ne5 Nf6 15.Qh4 Nd7
16.Qe4 Nf6 17.Qh4  1/2-1/2

[Event "Lisboa zt"]
[Site "Lisboa"]
[Date "1993.??.??"]
[Round "2"]
[White "Contin, Daniel"]
[Black "Arlandi, Ennio"]
[Result "1/2-1/2"]
[WhiteElo "2395"]
[BlackElo "2460"]

1.c4 e6 2.Nf3 d5 3.b3 Nf6 4.g3 Be7 5.Bg2 O-O 6.O-O b6 7.Bb2 Bb7 8.e3 Nbd7
9.Qe2 a5 10.cxd5 Nxd5 11.d3 Bf6 12.Rd1 a4 13.e4 Bxb2 14.Qxb2 N5f6 15.b4 Qe7
16.Na3 Rfd8 17.Rac1 Ne8 18.Re1 c5 19.b5 e5 20.Nc4 f6 21.Bh3 Nd6 22.Nfd2 Rab8
23.Rc3 Bc8 24.Ra3 Nf8 25.Bxc8 Nxc8 26.Re3 Ra8 27.Qc2 Ne6 28.Nf3 Qd7 29.Rxa4 Rxa4
30.Qxa4 Nc7 31.Qd1 Qxb5 32.Re1 Qd7 33.Re2 b5 34.Na5 Ne6 35.Qb3 Kf7 36.Re3 Nb6
37.Qc2 Ra8 38.Nb3 Rc8 39.Nbd2 Ke7 40.Qb1 Na4 41.Nh4 g6 42.Ng2 Ra8 43.Qc1 Qd4
44.Re1 Qxd3 45.Ne3 Nd4 46.Kg2 Ne2 47.Qd1 Nac3 48.Qb3 Qxd2 49.Rxe2 Nxe2 50.Nd5+ Kf8
51.Qxb5 Qd4 52.Qxe2 f5 53.Nc7 Re8 54.exf5 gxf5 55.Nxe8 Kxe8 56.Qh5+ Kd8 57.Qg5+ Kc7
58.Qxf5 c4 59.Qxh7+  1/2-1/2

[Event "Lisboa zt"]
[Site "Lisboa"]
[Date "1993.??.??"]
[Round "11"]
[White "Contin, Daniel"]
[Black "Fernandes, Antonio"]
[Result "0-1"]
[WhiteElo "2395"]
[BlackElo "2455"]

1.c4 e6 2.Nf3 d5 3.b3 c6 4.g3 Nf6 5.Bg2 a5 6.Na3 Bd6 7.Bb2 Qe7 8.Qc1 O-O
9.O-O Na6 10.Ne5 Bd7 11.d4 Rfc8 12.c5 Bc7 13.Qg5 Qd8 14.Rac1 Nb4 15.Ra1 Be8
16.Qe3 b6 17.Rfd1 Qe7 18.f4 Rcb8 19.Rdc1 a4 20.Kh1 h6 21.Bf3 Rb7 22.Qc3 Na6
23.g4 axb3 24.axb3 bxc5 25.Nc2 Rab8 26.Ra3 c4 27.g5 Rxb3 28.gxf6 Qxf6 29.Qd2 R8b6
30.Rca1 Rxb2 31.Rxa6 Rb1+ 32.Rxb1 Rxb1+ 33.Kg2 Bxe5 34.fxe5 Qg6+ 35.Kh3 Qf5+
36.Bg4 Rb3+ 37.Ne3 Qf4 38.Ra8 Rxe3+ 39.Kg2 Qxg4+ 40.Kf2 Qf4+ 41.Ke1 Kf8 42.Qb4+ Kg8
43.Rxe8+ Kh7 44.Qe7 Rc3  0-1

[Event "London Lloyds"]
[Site "London"]
[Date "1993.??.??"]
[Round "6"]
[White "Walker, Mark"]
[Black "Rossiter, Philip J"]
[Result "0-1"]
[WhiteElo "2230"]
[BlackElo "2330"]

1.c4 e6 2.Nf3 d5 3.b3 Nf6 4.g3 c5 5.Bg2 Be7 6.O-O O-O 7.e3 Nc6 8.Bb2 b6 9.cxd5 exd5
10.d4 Re8 11.Nc3 Bb7 12.dxc5 bxc5 13.Re1 Bf8 14.Re2 Qd7 15.Rd2 Rad8 16.Rc1 Qe6
17.Ne2 Bd6 18.Bxf6 Qxf6 19.Ne1 Ba6 20.Rxd5 Nb4 21.Rd2 Bf8 22.Nc3 Rxd2 23.Qxd2 Rd8
24.Qb2 g6 25.Qa3 Qf5 26.Qa5 Rd2 27.Ne4 Rxa2 28.Qd8 Kg7 29.g4 Qe5 30.Qh4 Bb7
31.g5 Bxe4 32.Bxe4 Be7 33.Nf3 Qb8 34.Rd1 Ra6 35.Rd7 Re6 36.Rb7 Qd8 37.Rxa7 Nd5
38.Bxd5 Qxd5 39.Qf4  0-1

[Event "London Lloyds"]
[Site "London"]
[Date "1993.??.??"]
[Round "10"]
[White "Williams, Simon"]
[Black "Murugan, Krishnamoorthy"]
[Result "0-1"]
[WhiteElo "2255"]
[BlackElo "2430"]

1.c4 e6 2.Nf3 d5 3.b3 Nf6 4.Bb2 a5 5.d3 a4 6.g3 Bb4+ 7.Nfd2 a3 8.Bc3 c5 9.Bg2 O-O
10.Qc2 Nc6 11.Bxb4 cxb4 12.O-O e5 13.h3 Be6 14.f4 dxc4 15.f5 Qd4+ 16.Kh2 Bd7
17.Ne4 Nxe4 18.Bxe4 Qxa1 19.f6 Qb2 20.Qxc4 Qxe2+ 21.Kg1 Qe3+ 22.Kg2 Qh6 23.g4 Rac8
24.Kg3 Nd4 25.Qd5 Qe3+ 26.Kg2 Rc2+  0-1

[Event "Lyon op"]
[Site "Lyon"]
[Date "1993.??.??"]
[Round "8"]
[White "Kosten, Anthony C"]
[Black "Mitkov, Nikola"]
[Result "0-1"]
[WhiteElo "2505"]
[BlackElo "2505"]

1.c4 e6 2.Nf3 d5 3.g3 dxc4 4.Qa4+ Nd7 5.Qxc4 b6 6.Bg2 Bb7 7.O-O Ngf6 8.b3 Be7
9.Bb2 c5 10.d3 O-O 11.Nbd2 Qc7 12.Qc2 Nd5 13.a3 Bf6 14.Rac1 Rac8 15.Ne4 Bxb2
16.Qxb2 Qb8 17.b4 cxb4 18.axb4 a6 19.Nfd2 N5f6 20.Qd4 Rfd8 21.Rxc8 Rxc8 22.Nxf6+ Nxf6
23.Qxb6 Bxg2 24.Qxb8 Rxb8 25.Kxg2 Nd5 26.Nc4 Nxb4 27.Rb1 Kf8 28.Ne5 Ke8 29.d4 Nc6
30.Rxb8+ Nxb8 31.Kf3 f6 32.Nc4 Kd7 33.e4 Kc6 34.Na3 Kb6 35.Ke3 Ka5 36.Kd3 Kb4
37.Nc2+ Kb3 38.d5 e5 39.Ne3 Nd7 40.Kd2 a5 41.f3 a4 42.h4 a3 43.h5 a2 44.Nc2 Nb6
45.Na1+ Kb2 46.g4 Nc4+ 47.Kd3 Nd6 48.Kd2 Nb5 49.Kd1 Kb1 50.Kd2 Nd4 51.d6 Nxf3+
52.Kd3 Ng5 53.d7 Nf7 54.Nb3 Kb2 55.Kc4 Nd8 56.Kb4 g6 57.hxg6 hxg6 58.Kc4 g5
59.Kb4 f5 60.exf5 e4  0-1

[Event "Madrid-B"]
[Site "Madrid"]
[Date "1993.??.??"]
[Round "?"]
[White "Elguezabal Varela, Daniel"]
[Black "Roa Alonso, Santiago"]
[Result "1-0"]
[WhiteElo "2300"]
[BlackElo "2330"]

1.c4 e6 2.Nf3 d5 3.d4 c6 4.Qc2 f5 5.g3 Nf6 6.Bg2 Bd6 7.O-O O-O 8.b3 Qe7 9.Bb2 Bd7
10.Ne5 Be8 11.Nd2 Bh5 12.Ndf3 Nbd7 13.Nd3 Ne4 14.Nfe5 g5 15.f3 Nef6 16.c5 Bc7
17.b4 Nxe5 18.Nxe5 Nd7 19.Qd2 Nxe5 20.dxe5 Qg7 21.Qd4 f4 22.g4 Bg6 23.Kh1 b6
24.Rac1 h5 25.Bh3 h4 26.Rfe1 Rab8 27.Bf1 bxc5 28.Qxc5 Bxe5 29.Bxe5 Qxe5 30.Qxc6 Rxb4
31.Qd7 Rc4 32.Qxa7 Rfc8 33.Rcd1 R4c7 34.Qb6 Rc2 35.a4 Qe3 36.Qd6 Ra2 37.Rxd5 exd5
38.Qxg6+ Kh8 39.Qf6+ Kg8 40.Qxg5+ Kh8 41.Qxh4+ Kg8 42.Qg5+ Kh8 43.Qh5+ Kg7
44.Rb1 Rac2 45.Rb7+ R2c7 46.Qg5+ Kf7 47.Qxd5+ Qe6 48.Qh5+ Qg6 49.Qb5 Qd6
50.Qf5+ Kg8 51.a5 Rf8 52.Qg5+ Kh7 53.Qh5+ Kg8 54.Qg5+ Kh8 55.Rb6 Rc6 56.Rb5 Qh6
57.Qe7 Qg7 58.Rh5+ Rh6 59.Rxh6+ Qxh6 60.a6 Rf7 61.Qe5+ Qf6 62.Qxf6+ Rxf6
63.e3 fxe3 64.Kg2 Rb6 65.Kg3 Rb2 66.a7 Ra2 67.Kf4 Rxa7 68.Kxe3 Ra1 69.Kf2 Kg7
70.h4 Kf6 71.f4 Ra4 72.Ke3 Ra1 73.Bd3 Rh1 74.h5 Rh3+ 75.Ke4 Rg3 76.Be2 Rg1
77.h6 Rg3 78.g5+ Kg6 79.Bh5+ Kh7 80.Kf5 Ra3 81.Bg6+ Kh8 82.Kg4 Ra1 83.Bf5 Rh1
84.Be4 Re1 85.Kf5 Re2 86.g6 Re1 87.g7+ Kh7 88.Bd5  1-0

[Event "Melbourne Masters"]
[Site "Melbourne"]
[Date "1993.??.??"]
[Round "8"]
[White "Hacche, David"]
[Black "Goldsmith, Alan"]
[Result "0-1"]
[WhiteElo "2260"]
[BlackElo "2295"]

1.Nf3 e6 2.c4 d5 3.g3 c5 4.Bg2 Nc6 5.O-O Nf6 6.b3 Be7 7.Bb2 O-O 8.cxd5 exd5
9.d4 Re8 10.Nc3 Ne4 11.Rc1 Bf5 12.dxc5 Bf6 13.Ba1 Nxc3 14.Bxc3 d4 15.Ba1 Be4
16.b4 Nxb4 17.Qb3 a5 18.Rfd1 Bd5 19.Qa4 Rxe2 20.Nxd4 Rxa2 21.Qb5 Bxg2 22.Kxg2 Qc7
23.Nf5 Bxa1 24.Rxa1 Rxa1 25.Rxa1 Qc6+ 26.Qxc6 bxc6 27.Ra4 Kf8 28.Nd6 Ke7
29.Nc4 Ke6 30.Nxa5 Nd3 31.Ra1 Kd5 32.Kf3 Ne5+ 33.Kg2 Nc4 34.Rd1+ Kxc5 35.Nb7+ Kb4
36.Rd7 Ne5 37.Re7 f6 38.f4 Ra2+ 39.Kf1 Nf3 40.h4 c5 41.Nd6 c4 42.Rc7 c3 43.Rb7+ Kc5
44.Ne4+ Kd4 45.Rb4+ Ke3  0-1

[Event "Merida"]
[Site "Merida"]
[Date "1993.??.??"]
[Round "7"]
[White "Sunye Neto, Jaime"]
[Black "De Souza, Mauro"]
[Result "1-0"]
[WhiteElo "2545"]
[BlackElo "2295"]

1.c4 e6 2.Nf3 d5 3.g3 Nf6 4.Bg2 Be7 5.O-O O-O 6.d4 Nbd7 7.Nc3 c6 8.Qc2 b6
9.Rd1 Bb7 10.e4 Rc8 11.e5 Ne8 12.Bf4 Nc7 13.h4 h6 14.Nh2 dxc4 15.Qe2 Nd5
16.Bc1 Qe8 17.Ng4 f5 18.exf6 Bxf6 19.Qxc4 Qe7 20.Qe2 Rce8 21.Ne4 Ba8 22.b3 a5
23.a4 Qd8 24.Qd2 Be7 25.Bb2 Bb4 26.Qe2 Qe7 27.Rac1 Rc8 28.Ne5 Nxe5 29.dxe5 Rcd8
30.Qg4 Kh8 31.Bh3 Rfe8 32.Qg6 Rd7 33.Nd6 Bxd6 34.exd6 Rxd6 35.Bxg7+ Qxg7
36.Qxe8+ Kh7 37.Qxa8  1-0

[Event "Mlada Boleslav op"]
[Site "Mlada Boleslav"]
[Date "1993.??.??"]
[Round "?"]
[White "Kikiani, Tamaz"]
[Black "Meister, Yakov"]
[Result "0-1"]
[WhiteElo "2220"]
[BlackElo "2455"]

1.c4 e6 2.Nf3 d5 3.g3 dxc4 4.Qa4+ Nd7 5.Qxc4 a6 6.Bg2 b5 7.Qc2 Bb7 8.O-O c5
9.b3 Be7 10.Bb2 Bf6 11.Nc3 Ne7 12.Rad1 Qb6 13.d4 cxd4 14.Ne4 Rc8 15.Nxf6+ gxf6
16.Qd2 e5 17.e3 d3 18.Qxd3 Nc5 19.Qd2 Qe6 20.Ba3 O-O 21.Qd6 Nf5 22.Qd2 Qb6
23.Bxc5 Rxc5 24.Qd7 Bc8 25.Qd3 Be6 26.Rd2 Rfc8 27.Qe4 Nd6 28.Qh4 Kg7 29.Rfd1 Rc1
30.h3 a5 31.Rxc1 Rxc1+ 32.Kh2 h6 33.Ng1 Qc5 34.Qh5 b4 35.Qe2 Nb5 36.f4 Nc3
37.Qd3 exf4 38.gxf4 Bf5 39.Qd4 Qxd4 40.exd4 Rc2 41.Nf3 Rxd2 42.Nxd2 Nxa2  0-1

[Event "Mlada Boleslav op"]
[Site "Mlada Boleslav"]
[Date "1993.??.??"]
[Round "?"]
[White "Kacheishvili, Giorgi"]
[Black "Suran, Jan"]
[Result "1-0"]
[WhiteElo "2405"]
[BlackElo "2200"]

1.c4 e6 2.Nf3 d5 3.d4 c6 4.Qc2 Nf6 5.Bf4 Nbd7 6.e3 Be7 7.Nc3 O-O 8.a3 a6
9.Rd1 Nh5 10.Bd3 h6 11.O-O Nxf4 12.exf4 dxc4 13.Bxc4 Qc7 14.g3 c5 15.d5 e5
16.fxe5 Nxe5 17.Nxe5 Qxe5 18.Rfe1 Qc7 19.d6 Bxd6 20.Nd5 Qd8 21.Ne7+ Qxe7
22.Rxe7 Bxe7 23.h4 Bf6 24.h5 Bg4 25.Rd5 Bd4 26.Qe4 Be6 27.Bd3 Rfe8 28.Rxd4 cxd4
29.Qh7+ Kf8 30.Qh8+ Ke7 31.Qxg7 Rh8 32.Qxd4 Rad8 33.Qb4+ Kf6 34.Be4 b5 35.Qa5 Bc8
36.Bg2 Rhe8 37.Qc3+ Ke7 38.Qe3+ Be6 39.Bc6  1-0

[Event "Mlada Boleslav op"]
[Site "Mlada Boleslav"]
[Date "1993.??.??"]
[Round "?"]
[White "Nikoladze, Sofia"]
[Black "Dgebuadze, Alexandre"]
[Result "1-0"]
[WhiteElo "2060"]
[BlackElo "2400"]

1.c4 e6 2.Nf3 d5 3.d4 Nf6 4.Qc2 a6 5.cxd5 exd5 6.Bg5 Nc6 7.a3 h6 8.Bh4 g5
9.Bg3 Ne4 10.e3 Bg7 11.Bd3 f5 12.Ne5 Ne7 13.f3 Nxg3 14.hxg3 Bxe5 15.dxe5 Be6
16.Nd2 Qd7 17.b4 Nc6 18.f4 O-O-O 19.Nb3 Kb8 20.Nc5 Qe8 21.Rb1 Na7 22.Bxf5 Bxf5
23.Qxf5 Nb5 24.Rb3 d4 25.Qe4 c6 26.a4 Nc3 27.Qf3 g4 28.Qxg4 Qf7 29.Qe6 Qh7
30.exd4 Qc2 31.O-O Rxd4 32.Kh2 Rd2 33.Rg1 Ne2 34.Rb2 Qxb2 35.Qe7  1-0

[Event "Moscow blitz"]
[Site "Moscow"]
[Date "1993.??.??"]
[Round "?"]
[White "Epishin, Vladimir"]
[Black "Bykhovsky, Avigdor"]
[Result "1-0"]
[WhiteElo "2620"]
[BlackElo "2520"]

1.Nf3 e6 2.c4 d5 3.d4 g6 4.Nc3 Bg7 5.e4 Ne7 6.Bg5 dxc4 7.Bxc4 h6 8.Bh4 g5
9.Bg3 Nbc6 10.d5 exd5 11.exd5 Na5 12.Bb5+ c6 13.dxc6 Qxd1+ 14.Rxd1 Naxc6
15.O-O O-O 16.Bd6 Bg4 17.Bxc6 Nxc6 18.Bxf8 Rxf8  1-0

[Event "Munich op9293"]
[Site "Munich"]
[Date "1993.??.??"]
[Round "6"]
[White "Smejkal, Jan"]
[Black "Boensch, Uwe"]
[Result "1/2-1/2"]
[WhiteElo "2525"]
[BlackElo "2490"]

1.c4 e6 2.Nf3 d5 3.d4 Nf6 4.Nc3 Be7 5.g3 dxc4 6.Bg2 Nbd7 7.Nd2 Nb6 8.Nxc4 Nxc4
9.Qa4+ Nd7 10.Qxc4 Nb6 11.Qd3 Bf6 12.Be3 Nd5 13.Bd2 Nb6 14.Bf4 O-O 15.Rd1 Nd5
16.Be5 c6 17.Bxf6 Qxf6 18.Qc4 Rd8 19.O-O Bd7 20.Ne4 Qe7 21.Qc5 Be8 22.Qxe7 Nxe7
23.e3 Nd5 24.Rc1 Kf8 25.a3 Ke7 26.Rc2 f6 27.Rfc1 Bg6 28.Rc5 Bxe4 29.Bxe4 f5
30.Bf3 Rd7 31.Kg2 Kf6 32.R1c2 Rad8 33.h3 g6 34.Rc1 e5 35.dxe5+ Kxe5 36.b4 a6
37.a4 Kf6 38.b5 axb5 39.axb5 Nb4 40.bxc6 bxc6 41.Rb1 Nd3 42.Rxc6+ Rd6 43.Rxd6+ Rxd6
44.Rd1 Ke7 45.g4 Ne5 46.Ra1 Kf6 47.Kg3 h6 48.Ra5 Nc4 49.Rc5 Ne5 50.Bd5 g5
51.Rb5 Ng6 52.gxf5 Kxf5 53.Bb3+ Ne5 54.Bc2+ Kf6 55.Bb1 Rc6 56.Be4 Re6 57.Bb1 Rc6
58.Be4 Re6 59.Bd5 Ra6 60.f4 Ng6 61.Be4 gxf4+ 62.exf4 Ne7 63.Kg4 Re6 64.Rb4 Kg7
65.Ra4 Ng8 66.Bd5 Nf6+ 67.Kf5 Re7 68.Be6 Rb7 69.Ra5 Ne8 70.Ke5 Nf6 71.f5 Ne8
72.Rd5 Ra7 73.Rb5 Nf6 74.Rc5 Rb7 75.Ra5 Ne8 76.Ra8 Rb5+ 77.Kf4 Rb4+ 78.Ke5 Rb5+
79.Kf4 Rb4+ 80.Ke5  1/2-1/2

[Event "Maccabiah op"]
[Site "Netanya"]
[Date "1993.??.??"]
[Round "4"]
[White "Volman, Horassio"]
[Black "Pisk, Petr"]
[Result "1/2-1/2"]
[WhiteElo "2240"]
[BlackElo "2340"]

1.c4 e6 2.Nf3 d5 3.g3 c5 4.Bg2 Nc6 5.O-O Nf6 6.b3 Be7 7.Bb2 O-O 8.e3 Re8
9.d3 Qc7 10.Qe2 dxc4  1/2-1/2

[Event "New York op"]
[Site "New York"]
[Date "1993.??.??"]
[Round "4"]
[White "Beckman, Thomas J"]
[Black "Rahman, Zillur"]
[Result "0-1"]
[WhiteElo "2220"]
[BlackElo "2320"]

1.c4 e6 2.Nf3 d5 3.b3 Be7 4.Bb2 Bf6 5.Qc2 Nc6 6.a3 Bxb2 7.Qxb2 Nf6 8.g3 O-O
9.Bg2 Rb8 10.O-O Qe7 11.d3 b5 12.cxb5 Rxb5 13.Nc3 Rb8 14.Qc2 Bd7 15.e4 Rfd8
16.e5 Ng4 17.Rfe1 Qc5 18.b4 Nd4 19.Qd2 Qb6 20.Qf4 Nxf3+ 21.Qxf3 Nxe5 22.Rxe5 Qd4
23.Ree1 Qxc3 24.Rec1 Qb2 25.Rc5 Bb5 26.Qd1 Re8 27.Bf1 c6 28.Qe1 Qd4 29.Ra2 e5
30.a4 Bxd3 31.Bh3 Rf8 32.Rxc6 Rxb4 33.Rd2 Rxa4 34.Bf1 e4 35.Bxd3 exd3  0-1

[Event "Nis op"]
[Site "Nis"]
[Date "1993.??.??"]
[Round "?"]
[White "Nikolic, Boban"]
[Black "Kosic, Dragan"]
[Result "0-1"]
[WhiteElo "2320"]
[BlackElo "2495"]

1.c4 e6 2.Nf3 d5 3.d4 c5 4.cxd5 exd5 5.g3 Nf6 6.Bg2 Be7 7.O-O O-O 8.Nc3 Nc6
9.dxc5 Bxc5 10.Na4 Be7 11.b3 Ne4 12.Bb2 Be6 13.Rc1 Qd7 14.Nd4 Rac8 15.Nxe6 Qxe6
16.Qd3 Rfd8 17.Rfd1 Bf6 18.Bxf6 Nxf6 19.Nc5 Qe7 20.Bh3 Rc7 21.Nxb7 Rb8 22.Nc5 Nb4
23.Qd4 Nxa2 24.Ra1 Rxc5 25.Rxa2 Rxb3 26.Rda1 Rb7 27.Bf5 Rc4 28.Qd2 g6 29.Bd3 Rcc7
30.Ra6 Kg7 31.R1a4 Qe5 32.Qf4 Qxf4 33.Rxf4 Rb6 34.Ra5 Rd6 35.Rfa4 Rdd7 36.Kg2 Re7
37.Rd4 h5 38.h3 Rcd7 39.Ra6 Ne4 40.Ra5 Nc3 41.e3 Rb7 42.Ra3 Rec7 43.Ba6 Rb2
44.Bd3 Nd1 45.Be2 Nxf2 46.Kxf2 Rcc2 47.Rxd5 Rxe2+ 48.Kf3 Rf2+ 49.Ke4 Rh2
50.Rxa7 Rxh3 51.Kf3 Rh1  0-1

[Event "NLD-ch"]
[Site "?"]
[Date "1993.??.??"]
[Round "?"]
[White "Martens, Martin"]
[Black "Cifuentes Parada, Roberto"]
[Result "0-1"]
[WhiteElo "2440"]
[BlackElo "2480"]

1.c4 e6 2.Nf3 d5 3.e3 Nf6 4.b3 c5 5.Bb2 Nc6 6.cxd5 exd5 7.d3 Bd6 8.Be2 O-O
9.O-O Qe7 10.Re1 Bf5 11.Nbd2 Rfe8 12.Bf1 Bg4 13.Qc2 Rac8 14.Rac1 Ne5 15.Nxe5 Bxe5
16.g3 Qd7 17.Bg2 Bxb2 18.Qxb2 h5 19.d4 b6 20.Nf3 Bh3 21.Red1 Bxg2 22.Kxg2 Qf5
23.Qe2 g6 24.dxc5 bxc5 25.Qd3 Qe6 26.Rc2 Red8 27.Rdc1 Ne4 28.Qe2 Re8 29.Ne1 Qd7
30.Qd3 h4 31.Nf3 h3+ 32.Kg1 Qf5 33.Qd1 g5 34.Ne1 d4 35.exd4 cxd4 36.g4 Qf6
37.Qd3 Rxc2 38.Qxc2 Nc3 39.Kf1 Re2 40.Qf5 Qxf5 41.gxf5 Rxa2 42.Nf3 d3  0-1

[Event "Ontario op"]
[Site "Ontario"]
[Date "1993.??.??"]
[Round "1"]
[White "Filipovich, David"]
[Black "Nickoloff, Bryon"]
[Result "0-1"]
[WhiteElo "2215"]
[BlackElo "2390"]

1.c4 e6 2.Nf3 d5 3.g3 Nf6 4.Bg2 dxc4 5.Qa4+ Nbd7 6.O-O c5 7.Qxc4 b6 8.d4 Bb7
9.Nc3 a6 10.dxc5 Bxc5 11.b4 Be7 12.Rd1 Rc8 13.Qb3 Qc7 14.Bb2 O-O 15.Rac1 Qb8
16.Nd4 Bxg2 17.Kxg2 Qb7+ 18.Kg1 b5 19.Nb1 Nb6 20.Nd2 Rxc1 21.Rxc1 Rc8 22.Rxc8+ Qxc8
23.a3 Na4 24.N2f3 Nd5 25.Ne5 Bf6 26.Ndf3 Nxb2 27.Qxb2 Qc3 28.Qxc3 Nxc3 29.Nd7 Nxe2+
30.Kf1 Nc3 31.Nxf6+ gxf6 32.Nd4 Nb1 33.Nb3 Kf8 34.Nc5 Nxa3 35.Nxa6 Ke7 36.Ke2 Kd6
37.Nc5 Nc2 38.Ne4+ Ke5 39.Nc3 Na3 40.Kd3 f5 41.f4+ Kd6 42.Ne2 e5 43.fxe5+ Kxe5
44.Nf4 Nc4 45.Nh3 Kd6 46.Kd4 Ne5 47.Ng1 Nc6+ 48.Kc3 Kd5 49.Nf3 h6 50.Ne1 Ke4
51.Nc2 h5 52.Na3 Nd4 53.Kd2 f4 54.gxf4 f5 55.Nb1 Kxf4 56.Nc3 Kf3 57.Kd3 Nc6
58.Nxb5 Nxb4+ 59.Kd2 Nc6 60.Nd6 f4 61.h4 Ne5  0-1

[Event "Ostend op"]
[Site "Ostend"]
[Date "1993.??.??"]
[Round "3"]
[White "Reschke, Stefan"]
[Black "Lacrosse, Marc"]
[Result "1-0"]
[WhiteElo "2380"]
[BlackElo "2230"]

1.c4 e6 2.Nf3 d5 3.b3 Nf6 4.Bb2 Be7 5.g3 O-O 6.Bg2 c5 7.e3 Nc6 8.O-O b6 9.Qe2 Bb7
10.Rd1 dxc4 11.bxc4 Qc7 12.Nc3 a6 13.Rab1 Rab8 14.Ba1 Na7 15.d4 b5 16.dxc5 b4
17.Na4 Bc6 18.Nb2 Be4 19.Nd3 Nc6 20.Nd4 Bxd3 21.Qxd3 Ne5 22.Qc2 Qxc5 23.Qa4 Qb6
24.Nf5 exf5 25.Bxe5 Rbd8 26.Bd4 Qe6 27.c5 Ne4 28.Bxe4 fxe4 29.Rxb4 Rd5 30.Rc1 Qh3
31.Rb2 Rh5 32.f4 exf3 33.Qc6 Rf5 34.Rf2 Qg4 35.Rcf1 Rxc5 36.Bxc5 Rc8 37.Qxc8+ Qxc8
38.Bxe7 Qe6 39.Bc5 Qd5 40.Bd4  1-0

[Event "Oviedo rapid"]
[Site "Oviedo"]
[Date "1993.??.??"]
[Round "9"]
[White "McNab, Colin Anderson"]
[Black "Zayac, Elena"]
[Result "1-0"]
[WhiteElo "2490"]
[BlackElo "2340"]

1.c4 e6 2.Nf3 d5 3.b3 d4 4.e3 c5 5.exd4 cxd4 6.g3 Nc6 7.Bg2 g6 8.O-O Bg7
9.d3 Nge7 10.a3 a5 11.Nbd2 O-O 12.Rb1 Rb8 13.Qc2 b6 14.Re1 Bd7 15.b4 axb4
16.axb4 b5 17.Ne4 Be8 18.Bg5 f6 19.Bd2 Bf7 20.Nc5 e5 21.Bh3 bxc4 22.dxc4 f5
23.Ng5 d3 24.Nxd3 Nd4 25.Qd1 e4 26.Bf4 Bxc4 27.Ne5 Ba2 28.Rb2 h6 29.Nxe4 fxe4
30.Rxe4 Bxe5 31.Rxa2 Nec6  1-0

[Event "Oviedo rapid"]
[Site "Oviedo"]
[Date "1993.??.??"]
[Round "11"]
[White "Garcia Palermo, Carlos"]
[Black "Vladimirov, Evgeny"]
[Result "0-1"]
[WhiteElo "2455"]
[BlackElo "2585"]

1.c4 e6 2.Nf3 d5 3.d4 Nf6 4.Nc3 Be7 5.Bg5 h6 6.Bh4 O-O 7.e3 Nbd7 8.Qc2 c5
9.O-O-O b6 10.cxd5 Nxd5 11.Bxe7 Qxe7 12.Nxd5 exd5 13.dxc5 Nxc5 14.Nd4 Bd7
15.Bb5 Rac8 16.Kb1 Ne4 17.Qe2 Qb4 18.Rc1 Bxb5 19.Nxb5 Nxf2 20.Nxa7 Qe4+ 21.Ka1 Rxc1+
22.Rxc1 Ng4 23.Nc8 Nxe3 24.Nxb6 d4 25.Nd7 d3 26.Qd2 Nc4 27.Qb4 d2 28.Rd1 Qc2
29.Qb3  0-1

[Event "Paris-ch"]
[Site "Paris"]
[Date "1993.??.??"]
[Round "5"]
[White "Ledger, Andrew"]
[Black "Cheymol, Eric"]
[Result "1-0"]
[WhiteElo "2330"]
[BlackElo "2225"]

1.c4 e6 2.Nf3 d5 3.b3 Nf6 4.g3 Bd6 5.Bg2 O-O 6.O-O d4 7.e3 c5 8.exd4 cxd4
9.Bb2 Nc6 10.Nxd4 Nxd4 11.Bxd4 Bxg3 12.hxg3 Qxd4 13.Nc3 a6 14.Qe2 Rb8 15.Rfe1 Rd8
16.Rad1 Ng4 17.Bf3 e5 18.Kg2 Be6 19.Rh1 g6 20.Rh4 h5 21.Bxg4 hxg4 22.Re1 b5
23.cxb5 axb5 24.b4 Kg7 25.Kg1 f6 26.Ne4 Bf5 27.Nc5 Qxb4 28.Na6 Qd4 29.Nxb8 Rxb8
30.Rc1 Rb7 31.Qe3 Qxe3 32.fxe3 g5 33.Rh2 Bd3 34.Rc3 e4 35.Rf2 Bc4 36.a3 Ra7
37.Rf5 Kg6 38.Rc5 Rd7 39.a4 Rxd2 40.axb5 Bd3 41.Rb3 Re2 42.Rc1 Rxe3 43.Kh2 Re2+
44.Kh1 Rd2 45.b6 e3 46.Kg1 e2 47.Re1 Bc4 48.b7 Rd1 49.Rb1  1-0

[Event "Paris-ch"]
[Site "Paris"]
[Date "1993.??.??"]
[Round "7"]
[White "Manouck, Thierry"]
[Black "Gaspariants, Garry"]
[Result "1-0"]
[WhiteElo "2300"]
[BlackElo "2245"]

1.c4 e6 2.Nf3 d5 3.b3 Nf6 4.Bb2 Be7 5.g3 O-O 6.Bg2 c6 7.Nc3 Nbd7 8.d4 b6
9.O-O Ba6 10.Nd2 b5 11.c5 b4 12.Na4 Bb5 13.Re1 Qc7 14.a3 a5 15.Ra2 Rfb8 16.Ba1 Ra7
17.Qc1 Qb7 18.h3 Qa6 19.Bf1 Rab7 20.axb4 axb4 21.Qb1 Ra7 22.Nc3 Qb7 23.Nxb5 Rxa2
24.Qxa2 Ra8 25.Qc2 Qxb5 26.e4 Qb8 27.e5 Ne8 28.Bd3 Nf8 29.Bb2 Nc7 30.Ra1 Rxa1+
31.Bxa1 Qa7 32.Bb2 Qa5 33.Qc1 f6 34.Nf3 Nb5 35.Qa1 Qxa1+ 36.Bxa1 Nc7 37.Bb2 Nd7
38.exf6 gxf6 39.Ne1 e5 40.Bf5 Nf8 41.dxe5 fxe5 42.Nd3 Na6 43.Bxe5 Nxc5 44.Nxb4 Nxb3
45.Nxc6 Bc5 46.Bc3 Nc1 47.Kf1 Na2 48.Bb2 Nb4 49.Bd4 Bxd4 50.Nxb4 Bc5 51.Nxd5 Kg7
52.Ke2 Ba7 53.f4 Bc5 54.Kf3 Bd4 55.Ke4 Bf2 56.Kf3 Bd4 57.g4 Ba7 58.Ke4 Bf2
59.Ke5 Bg3 60.Nc3 Bh4 61.Ne4 Bd8 62.Ng3 Bc7+ 63.Ke4 Kf7 64.Kf3 Bd6 65.Ne4 Ba3
66.g5 Kg7 67.Kg4 Bb4 68.Nf2 Bc5 69.Nd3 Ba3 70.Ne5 Bc1 71.h4 Bd2 72.h5 Bc1
73.Bc8 Bb2 74.Kf5 Bc1 75.Ke4 Bd2 76.Ng4 Bc1 77.Nh6 Bd2 78.Kf3 Bc1 79.Kg3 Bd2
80.Kg4 Bc1 81.f5 Bb2 82.Kf3 Bc3 83.Ke4 Bb2 84.Ng4 h6 85.g6 Bc3 86.Kd5 Bb2
87.Kc6 Bc3 88.Bd7 Bb2 89.Kc7 Bc3 90.Kd8 Bb2 91.Ke8 Bc3 92.Bc6 Bb2 93.Bd5 Bc3
94.f6+ Bxf6 95.Nxf6 Nxg6 96.hxg6 Kxg6 97.Ke7 Kg5  1-0

[Event "Paris-ch"]
[Site "Paris"]
[Date "1993.??.??"]
[Round "9"]
[White "Ikonnikov, Vyacheslav"]
[Black "Flear, Glenn C"]
[Result "1/2-1/2"]
[WhiteElo "2485"]
[BlackElo "2515"]

1.c4 e6 2.Nf3 d5 3.g3 Nf6 4.Bg2 Be7 5.O-O O-O 6.b3 c5 7.Bb2 Nc6 8.e3 d4 9.exd4 cxd4
10.Re1 Ne8 11.d3 f6 12.Ba3 e5 13.Bxe7 Qxe7 14.a3 a5 15.Nbd2 Nc7 16.Ne4 Kh8  1/2-1/2

[Event "Pinsk"]
[Site "Pinsk"]
[Date "1993.??.??"]
[Round "?"]
[White "Nielsen, Peter Heine"]
[Black "Kharlov, Andrei"]
[Result "1-0"]
[WhiteElo "2465"]
[BlackElo "2535"]

1.c4 e6 2.Nf3 d5 3.g3 dxc4 4.Qa4+ Nd7 5.Qxc4 a6 6.Bg2 b5 7.Qc2 Bb7 8.O-O Ngf6
9.d3 c5 10.a4 Nd5 11.Nc3 Bc6 12.Bg5 f6 13.Nxd5 Bxd5 14.e4 Bc6 15.axb5 axb5
16.Nd4 cxd4 17.Qxc6 Rc8 18.Qxe6+ Be7 19.Bd2 Nc5 20.Qg4 O-O 21.Ra7 Kh8 22.Bb4 Rc7
23.Rxc7 Qxc7 24.Rc1 Qa7 25.Bxc5 Bxc5 26.Qf5 Be7 27.Qxb5 Rb8 28.Qf5 Bf8 29.e5 fxe5
30.Be4 g6 31.Qxe5+ Bg7 32.Qe6 Bf8 33.Bd5  1-0